NBA All-Defensive Teams - Statistics

General Stats
  • This quiz has been taken 48 times
  • The average score is 391 of 582
Answer Stats
Season Team Player Name NBA Team % Correct
2020-21 Second Kawhi Leonard LA Clippers
98%
2019-20 Second Kawhi Leonard LA Clippers
98%
2018-19 Second Kawhi Leonard Toronto Raptors
98%
2016-17 First Kawhi Leonard San Antonio Spurs
98%
2015-16 First Kawhi Leonard San Antonio Spurs
98%
2014-15 First Kawhi Leonard San Antonio Spurs
98%
2013-14 Second Kawhi Leonard San Antonio Spurs
98%
1997-98 First Michael Jordan Chicago Bulls
98%
1996-97 First Michael Jordan Chicago Bulls
98%
1995-96 First Michael Jordan Chicago Bulls
98%
1992-93 First Michael Jordan Chicago Bulls
98%
1991-92 First Michael Jordan Chicago Bulls
98%
1990-91 First Michael Jordan Chicago Bulls
98%
1989-90 First Michael Jordan Chicago Bulls
98%
1988-89 First Michael Jordan Chicago Bulls
98%
1987-88 First Michael Jordan Chicago Bulls
98%
1997-98 Second David Robinson San Antonio Spurs
95%
1995-96 First David Robinson San Antonio Spurs
95%
1994-95 First David Robinson San Antonio Spurs
95%
1993-94 Second David Robinson San Antonio Spurs
95%
1992-93 Second David Robinson San Antonio Spurs
95%
1991-92 First David Robinson San Antonio Spurs
95%
1990-91 First David Robinson San Antonio Spurs
95%
1989-90 Second David Robinson San Antonio Spurs
95%
2015-16 First DeAndre Jordan Los Angeles Clippers
95%
2014-15 First DeAndre Jordan Los Angeles Clippers
95%
2024-25 Second Jaren Jackson Jr. Memphis Grizzlies
95%
2022-23 First Jaren Jackson Jr. Memphis Grizzlies
95%
2021-22 First Jaren Jackson Jr. Memphis Grizzlies
95%
2020-21 Second Jimmy Butler Miami Heat
95%
2017-18 Second Jimmy Butler Minnesota Timberwolves
95%
2015-16 Second Jimmy Butler Chicago Bulls
95%
2014-15 Second Jimmy Butler Chicago Bulls
95%
2013-14 Second Jimmy Butler Chicago Bulls
95%
2013-14 Second LeBron James Miami Heat
95%
2012-13 First LeBron James Miami Heat
95%
2011-12 First LeBron James Miami Heat
95%
2010-11 First LeBron James Miami Heat
95%
2009-10 First LeBron James Cleveland Cavaliers
95%
2008-09 First LeBron James Cleveland Cavaliers
95%
2024-25 Second Rudy Gobert Minnesota Timberwolves
95%
2023-24 First Rudy Gobert Minnesota Timberwolves
95%
2021-22 First Rudy Gobert Utah Jazz
95%
2020-21 First Rudy Gobert Utah Jazz
95%
2019-20 First Rudy Gobert Utah Jazz
95%
2018-19 First Rudy Gobert Utah Jazz
95%
2017-18 First Rudy Gobert Utah Jazz
95%
2016-17 First Rudy Gobert Utah Jazz
95%
1999-00 Second Scottie Pippen Portland Trail Blazers
95%
1998-99 First Scottie Pippen Houston Rockets
95%
1997-98 First Scottie Pippen Chicago Bulls
95%
1996-97 First Scottie Pippen Chicago Bulls
95%
1995-96 First Scottie Pippen Chicago Bulls
95%
1994-95 First Scottie Pippen Chicago Bulls
95%
1993-94 First Scottie Pippen Chicago Bulls
95%
1992-93 First Scottie Pippen Chicago Bulls
95%
1991-92 First Scottie Pippen Chicago Bulls
95%
1990-91 Second Scottie Pippen Chicago Bulls
95%
1988-89 Second A.C. Green Los Angeles Lakers
93%
2023-24 First Anthony Davis Los Angeles Lakers
93%
2019-20 First Anthony Davis Los Angeles Lakers
93%
2017-18 First Anthony Davis New Orleans Pelicans
93%
2016-17 Second Anthony Davis New Orleans Pelicans
93%
2014-15 Second Anthony Davis New Orleans Pelicans
93%
2001-02 Second Clifford Robinson Detroit Pistons
93%
1999-00 Second Clifford Robinson Phoenix Suns
93%
2016-17 Second Danny Green San Antonio Spurs
93%
1995-96 First Dennis Rodman Chicago Bulls
93%
1994-95 First Dennis Rodman San Antonio Spurs
93%
1993-94 Second Dennis Rodman San Antonio Spurs
93%
1992-93 First Dennis Rodman Detroit Pistons
93%
1991-92 First Dennis Rodman Detroit Pistons
93%
1990-91 First Dennis Rodman Detroit Pistons
93%
1989-90 First Dennis Rodman Detroit Pistons
93%
1988-89 First Dennis Rodman Detroit Pistons
93%
2024-25 First Draymond Green Golden State Warriors
93%
2022-23 Second Draymond Green Golden State Warriors
93%
2021-22 Second Draymond Green Golden State Warriors
93%
2020-21 First Draymond Green Golden State Warriors
93%
2018-19 Second Draymond Green Golden State Warriors
93%
2017-18 Second Draymond Green Golden State Warriors
93%
2016-17 First Draymond Green Golden State Warriors
93%
2015-16 First Draymond Green Golden State Warriors
93%
2014-15 First Draymond Green Golden State Warriors
93%
2011-12 Second Kobe Bryant Los Angeles Lakers
93%
2010-11 First Kobe Bryant Los Angeles Lakers
93%
2009-10 First Kobe Bryant Los Angeles Lakers
93%
2008-09 First Kobe Bryant Los Angeles Lakers
93%
2007-08 First Kobe Bryant Los Angeles Lakers
93%
2006-07 First Kobe Bryant Los Angeles Lakers
93%
2005-06 First Kobe Bryant Los Angeles Lakers
93%
2003-04 First Kobe Bryant Los Angeles Lakers
93%
2002-03 First Kobe Bryant Los Angeles Lakers
93%
2001-02 Second Kobe Bryant Los Angeles Lakers
93%
2000-01 Second Kobe Bryant Los Angeles Lakers
93%
1999-00 First Kobe Bryant Los Angeles Lakers
93%
2018-19 First Paul George Oklahoma City Thunder
93%
2015-16 Second Paul George Indiana Pacers
93%
2013-14 First Paul George Indiana Pacers
93%
2012-13 Second Paul George Indiana Pacers
93%
2002-03 Second Shaquille O’Neal Los Angeles Lakers
93%
2000-01 Second Shaquille O’Neal Los Angeles Lakers
93%
1999-00 Second Shaquille O’Neal Los Angeles Lakers
93%
2016-17 First Chris Paul Los Angeles Clippers
90%
2015-16 First Chris Paul Los Angeles Clippers
90%
2014-15 First Chris Paul Los Angeles Clippers
90%
2013-14 First Chris Paul Los Angeles Clippers
90%
2012-13 First Chris Paul LA Clippers
90%
2011-12 First Chris Paul LA Clippers
90%
2010-11 Second Chris Paul New Orleans Hornets
90%
2008-09 First Chris Paul New Orleans Hornets
90%
2007-08 Second Chris Paul New Orleans Hornets
90%
2021-22 First Giannis Antetokounmpo Milwaukee Bucks
90%
2020-21 First Giannis Antetokounmpo Milwaukee Bucks
90%
2019-20 First Giannis Antetokounmpo Milwaukee Bucks
90%
2018-19 First Giannis Antetokounmpo Milwaukee Bucks
90%
2016-17 Second Giannis Antetokounmpo Milwaukee Bucks
90%
2024-25 Second Jalen Williams Oklahoma City Thunder
90%
2014-15 Second Tim Duncan San Antonio Spurs
90%
2012-13 Second Tim Duncan San Antonio Spurs
90%
2009-10 Second Tim Duncan San Antonio Spurs
90%
2008-09 Second Tim Duncan San Antonio Spurs
90%
2007-08 First Tim Duncan San Antonio Spurs
90%
2006-07 First Tim Duncan San Antonio Spurs
90%
2005-06 Second Tim Duncan San Antonio Spurs
90%
2004-05 First Tim Duncan San Antonio Spurs
90%
2003-04 Second Tim Duncan San Antonio Spurs
90%
2002-03 First Tim Duncan San Antonio Spurs
90%
2001-02 First Tim Duncan San Antonio Spurs
90%
2000-01 First Tim Duncan San Antonio Spurs
90%
1999-00 First Tim Duncan San Antonio Spurs
90%
1998-99 First Tim Duncan San Antonio Spurs
90%
1997-98 Second Tim Duncan San Antonio Spurs
90%
2024-25 First Amen Thompson Houston Rockets
88%
1991-92 Second Buck Williams Portland Trail Blazers
88%
1990-91 First Buck Williams Portland Trail Blazers
88%
1989-90 First Buck Williams Portland Trail Blazers
88%
1987-88 Second Buck Williams New Jersey Nets
88%
1986-87 First Dennis Johnson Boston Celtics
88%
1985-86 Second Dennis Johnson Boston Celtics
88%
1984-85 Second Dennis Johnson Boston Celtics
88%
1983-84 Second Dennis Johnson Boston Celtics
88%
1982-83 First Dennis Johnson Phoenix Suns
88%
1981-82 First Dennis Johnson Phoenix Suns
88%
1980-81 First Dennis Johnson Phoenix Suns
88%
1979-80 First Dennis Johnson Seattle SuperSonics
88%
1978-79 First Dennis Johnson Seattle SuperSonics
88%
2001-02 Second Dikembe Mutombo Philadelphia 76ers
88%
2000-01 First Dikembe Mutombo Philadelphia 76ers
88%
1998-99 Second Dikembe Mutombo Atlanta Hawks
88%
1997-98 First Dikembe Mutombo Atlanta Hawks
88%
1996-97 First Dikembe Mutombo Atlanta Hawks
88%
1994-95 Second Dikembe Mutombo Denver Nuggets
88%
2009-10 Second Dwyane Wade Miami Heat
88%
2008-09 Second Dwyane Wade Miami Heat
88%
2004-05 Second Dwyane Wade Miami Heat
88%
1979-80 Second Eddie Johnson Atlanta Hawks
88%
1978-79 Second Eddie Johnson Atlanta Hawks
88%
2001-02 First Gary Payton Seattle SuperSonics
88%
2000-01 First Gary Payton Seattle SuperSonics
88%
1999-00 First Gary Payton Seattle Supersonics
88%
1998-99 First Gary Payton Seattle SuperSonics
88%
1997-98 First Gary Payton Seattle SuperSonics
88%
1996-97 First Gary Payton Seattle SuperSonics
88%
1995-96 First Gary Payton Seattle SuperSonics
88%
1994-95 First Gary Payton Seattle SuperSonics
88%
1993-94 First Gary Payton Seattle SuperSonics
88%
1980-81 Second George Johnson San Antonio Spurs
88%
1970-71 First Gus Johnson Baltimore Bullets
88%
1969-70 First Gus Johnson Baltimore Bullets
88%
2006-07 Second Jason Kidd New Jersey Nets
88%
2005-06 First Jason Kidd New Jersey Nets
88%
2004-05 Second Jason Kidd New Jersey Nets
88%
2003-04 Second Jason Kidd New Jersey Nets
88%
2002-03 Second Jason Kidd New Jersey Nets
88%
2001-02 First Jason Kidd New Jersey Nets
88%
2000-01 First Jason Kidd Phoenix Suns
88%
1999-00 Second Jason Kidd Phoenix Suns
88%
1998-99 First Jason Kidd Phoenix Suns
88%
1996-97 Second John Stockton Utah Jazz
88%
1994-95 Second John Stockton Utah Jazz
88%
1991-92 Second John Stockton Utah Jazz
88%
1990-91 Second John Stockton Utah Jazz
88%
1988-89 Second John Stockton Utah Jazz
88%
2014-15 Second John Wall Washington Wizards
88%
1998-99 First Karl Malone Utah Jazz
88%
1997-98 First Karl Malone Utah Jazz
88%
1996-97 First Karl Malone Utah Jazz
88%
1987-88 Second Karl Malone Utah Jazz
88%
2018-19 Second Klay Thompson Golden State Warriors
88%
1991-92 Second Micheal Williams Indiana Pacers
88%
1982-83 First Moses Malone Philadelphia 76ers
88%
1978-79 Second Moses Malone Houston Rockets
88%
2021-22 Second Robert Williams III Boston Celtics
88%
2023-24 First Bam Adebayo Miami Heat
85%
2022-23 Second Bam Adebayo Miami Heat
85%
2021-22 Second Bam Adebayo Miami Heat
85%
2020-21 Second Bam Adebayo Miami Heat
85%
2019-20 Second Bam Adebayo Miami Heat
85%
2023-24 Second Derrick White Boston Celtics
85%
2022-23 Second Derrick White Boston Celtics
85%
2011-12 First Dwight Howard Orlando Magic
85%
2010-11 First Dwight Howard Orlando Magic
85%
2009-10 First Dwight Howard Orlando Magic
85%
2008-09 First Dwight Howard Orlando Magic
85%
2007-08 Second Dwight Howard Orlando Magic
85%
1996-97 Second Hakeem Olajuwon Houston Rockets
85%
1995-96 Second Hakeem Olajuwon Houston Rockets
85%
1993-94 First Hakeem Olajuwon Houston Rockets
85%
1992-93 First Hakeem Olajuwon Houston Rockets
85%
1990-91 Second Hakeem Olajuwon Houston Rockets
85%
1989-90 First Hakeem Olajuwon Houston Rockets
85%
1987-88 First Hakeem Olajuwon Houston Rockets
85%
1986-87 First Hakeem Olajuwon Houston Rockets
85%
1984-85 Second Hakeem Olajuwon Houston Rockets
85%
2023-24 Second Jrue Holiday Boston Celtics
85%
2022-23 First Jrue Holiday Milwaukee Bucks
85%
2021-22 Second Jrue Holiday Milwaukee Bucks
85%
2020-21 First Jrue Holiday Milwaukee Bucks
85%
2018-19 Second Jrue Holiday New Orleans Pelicans
85%
2017-18 First Jrue Holiday New Orleans Pelicans
85%
1983-84 Second Kareem Abdul-Jabbar Los Angeles Lakers
85%
1980-81 First Kareem Abdul-Jabbar Los Angeles Lakers
85%
1979-80 First Kareem Abdul-Jabbar Los Angeles Lakers
85%
1978-79 First Kareem Abdul-Jabbar Los Angeles Lakers
85%
1977-78 Second Kareem Abdul-Jabbar Los Angeles Lakers
85%
1976-77 Second Kareem Abdul-Jabbar Los Angeles Lakers
85%
1975-76 Second Kareem Abdul-Jabbar Los Angeles Lakers
85%
1974-75 First Kareem Abdul-Jabbar Milwaukee Bucks
85%
1973-74 First Kareem Abdul-Jabbar Milwaukee Bucks
85%
2011-12 Second Kevin Garnett Boston Celtics
85%
2010-11 First Kevin Garnett Boston Celtics
85%
2008-09 First Kevin Garnett Boston Celtics
85%
2007-08 First Kevin Garnett Boston Celtics
85%
2006-07 Second Kevin Garnett Minnesota Timberwolves
85%
2005-06 Second Kevin Garnett Minnesota Timberwolves
85%
2004-05 First Kevin Garnett Minnesota Timberwolves
85%
2003-04 First Kevin Garnett Minnesota Timberwolves
85%
2002-03 First Kevin Garnett Minnesota Timberwolves
85%
2001-02 First Kevin Garnett Minnesota Timberwolves
85%
2000-01 First Kevin Garnett Minnesota Timberwolves
85%
1999-00 First Kevin Garnett Minnesota Timberwolves
85%
1970-71 Second Lew Alcindor Milwaukee Bucks
85%
1969-70 Second Lew Alcindor Milwaukee Bucks
85%
1991-92 Second Patrick Ewing New York Knicks
85%
1988-89 Second Patrick Ewing New York Knicks
85%
1987-88 Second Patrick Ewing New York Knicks
85%
2016-17 Second Tony Allen Memphis Grizzlies
85%
2015-16 Second Tony Allen Memphis Grizzlies
85%
2014-15 First Tony Allen Memphis Grizzlies
85%
2012-13 First Tony Allen Memphis Grizzlies
85%
2011-12 First Tony Allen Memphis Grizzlies
85%
2010-11 Second Tony Allen Memphis Grizzlies
85%
2023-24 First Victor Wembanyama San Antonio Spurs
85%
2020-21 First Ben Simmons Philadelphia 76ers
83%
2019-20 First Ben Simmons Philadelphia 76ers
83%
2006-07 Second Ben Wallace Chicago Bulls
83%
2005-06 First Ben Wallace Detroit Pistons
83%
2004-05 First Ben Wallace Detroit Pistons
83%
2003-04 First Ben Wallace Detroit Pistons
83%
2002-03 First Ben Wallace Detroit Pistons
83%
2001-02 First Ben Wallace Detroit Pistons
83%
2024-25 First Evan Mobley Cleveland Cavaliers
83%
2022-23 First Evan Mobley Cleveland Cavaliers
83%
2009-10 First Gerald Wallace Charlotte Bobcats
83%
2020-21 Second Joel Embiid Philadelphia 76ers
83%
2018-19 Second Joel Embiid Philadelphia 76ers
83%
2017-18 Second Joel Embiid Philadelphia 76ers
83%
1983-84 Second Larry Bird Boston Celtics
83%
1982-83 Second Larry Bird Boston Celtics
83%
1981-82 Second Larry Bird Boston Celtics
83%
2012-13 Second Marc Gasol Memphis Grizzlies
83%
1972-73 First Jerry West Los Angeles Lakers
80%
1971-72 First Jerry West Los Angeles Lakers
80%
1970-71 First Jerry West Los Angeles Lakers
80%
1969-70 First Jerry West Los Angeles Lakers
80%
1968-69 Second Jerry West Los Angeles Lakers
80%
2013-14 First Joakim Noah Chicago Bulls
80%
2012-13 First Joakim Noah Chicago Bulls
80%
2010-11 Second Joakim Noah Chicago Bulls
80%
2012-13 First Tyson Chandler New York Knicks
80%
2011-12 Second Tyson Chandler New York Knicks
80%
2010-11 Second Tyson Chandler Dallas Mavericks
80%
1984-85 Second Bobby Jones Philadelphia 76ers
78%
1983-84 First Bobby Jones Philadelphia 76ers
78%
1982-83 First Bobby Jones Philadelphia 76ers
78%
1981-82 First Bobby Jones Philadelphia 76ers
78%
1980-81 First Bobby Jones Philadelphia 76ers
78%
1979-80 First Bobby Jones Philadelphia 76ers
78%
1978-79 First Bobby Jones Philadelphia 76ers
78%
1977-78 First Bobby Jones Denver Nuggets
78%
1976-77 First Bobby Jones Denver Nuggets
78%
1981-82 First Caldwell Jones Philadelphia 76ers
78%
1980-81 First Caldwell Jones Philadelphia 76ers
78%
2005-06 Second Chauncey Billups Detroit Pistons
78%
2004-05 Second Chauncey Billups Detroit Pistons
78%
1999-00 Second Eddie Jones Charlotte Hornets
78%
1998-99 Second Eddie Jones Charlotte Hornets/Los Angeles Lakers
78%
1997-98 Second Eddie Jones Charlotte Hornets
78%
2023-24 First Herb Jones New Orleans Pelicans
78%
2021-22 First Marcus Smart Boston Celtics
78%
2019-20 First Marcus Smart Boston Celtics
78%
2018-19 First Marcus Smart Boston Celtics
78%
2000-01 Second P.J. Brown Charlotte Hornets
78%
1998-99 Second P.J. Brown Miami Heat
78%
1996-97 Second P.J. Brown Miami Heat
78%
2017-18 Second Al Horford Boston Celtics
75%
1999-00 First Alonzo Mourning Miami Heat
75%
1998-99 First Alonzo Mourning Miami Heat
75%
1989-90 Second Kevin McHale Boston Celtics
75%
1988-89 Second Kevin McHale Boston Celtics
75%
1987-88 First Kevin McHale Boston Celtics
75%
1986-87 First Kevin McHale Boston Celtics
75%
1985-86 First Kevin McHale Boston Celtics
75%
1982-83 Second Kevin McHale Boston Celtics
75%
2007-08 First Marcus Camby Denver Nuggets
75%
2006-07 First Marcus Camby Denver Nuggets
75%
2005-06 Second Marcus Camby Denver Nuggets
75%
2004-05 Second Marcus Camby Denver Nuggets
75%
2023-24 Second Alex Caruso Chicago Bulls
73%
2022-23 First Alex Caruso Chicago Bulls
73%
2016-17 Second Andre Roberson Oklahoma City Thunder
73%
1968-69 First Bill Russell Boston Celtics
73%
2022-23 First Brook Lopez Milwaukee Bucks
73%
2019-20 Second Brook Lopez Milwaukee Bucks
73%
2011-12 Second Rajon Rondo Boston Celtics
73%
2010-11 First Rajon Rondo Boston Celtics
73%
2009-10 First Rajon Rondo Boston Celtics
73%
2008-09 Second Rajon Rondo Boston Celtics
73%
2013-14 First Serge Ibaka Oklahoma City Thunder
73%
2012-13 First Serge Ibaka Oklahoma City Thunder
73%
2011-12 First Serge Ibaka Oklahoma City Thunder
73%
1972-73 First Wilt Chamberlain Los Angeles Lakers
73%
1971-72 First Wilt Chamberlain Los Angeles Lakers
73%
2007-08 First Bruce Bowen San Antonio Spurs
70%
2006-07 First Bruce Bowen San Antonio Spurs
70%
2005-06 First Bruce Bowen San Antonio Spurs
70%
2004-05 First Bruce Bowen San Antonio Spurs
70%
2003-04 First Bruce Bowen San Antonio Spurs
70%
2002-03 Second Bruce Bowen San Antonio Spurs
70%
2001-02 Second Bruce Bowen San Antonio Spurs
70%
2000-01 Second Bruce Bowen Miami Heat
70%
1992-93 First Joe Dumars Detroit Pistons
70%
1991-92 First Joe Dumars Detroit Pistons
70%
1990-91 Second Joe Dumars Detroit Pistons
70%
1989-90 First Joe Dumars Detroit Pistons
70%
1988-89 First Joe Dumars Detroit Pistons
70%
2008-09 Second Ron Artest Houston Rockets
70%
2005-06 First Ron Artest Sacramento Kings
70%
2003-04 First Ron Artest Indiana Pacers
70%
2002-03 Second Ron Artest Indiana Pacers
70%
1985-86 First Sidney Moncrief Milwaukee Bucks
70%
1984-85 First Sidney Moncrief Milwaukee Bucks
70%
1983-84 First Sidney Moncrief Milwaukee Bucks
70%
1982-83 First Sidney Moncrief Milwaukee Bucks
70%
1981-82 Second Sidney Moncrief Milwaukee Bucks
70%
1995-96 Second Horace Grant Orlando Magic
68%
1994-95 Second Horace Grant Orlando Magic
68%
1993-94 Second Horace Grant Chicago Bulls
68%
1992-93 Second Horace Grant Chicago Bulls
68%
1975-76 First John Havlicek Boston Celtics
68%
1974-75 First John Havlicek Boston Celtics
68%
1973-74 First John Havlicek Boston Celtics
68%
1972-73 First John Havlicek Boston Celtics
68%
1971-72 First John Havlicek Boston Celtics
68%
1970-71 Second John Havlicek Boston Celtics
68%
1969-70 Second John Havlicek Boston Celtics
68%
1968-69 Second John Havlicek Boston Celtics
68%
2024-25 First Luguentz Dort Oklahoma City Thunder
68%
1990-91 First Alvin Robertson Milwaukee Bucks
65%
1989-90 Second Alvin Robertson Milwaukee Bucks
65%
1988-89 Second Alvin Robertson San Antonio Spurs
65%
1987-88 Second Alvin Robertson San Antonio Spurs
65%
1986-87 First Alvin Robertson San Antonio Spurs
65%
1985-86 Second Alvin Robertson San Antonio Spurs
65%
2005-06 First Andrei Kirilenko Utah Jazz
65%
2004-05 Second Andrei Kirilenko Utah Jazz
65%
2003-04 Second Andrei Kirilenko Utah Jazz
65%
2014-15 Second Andrew Bogut Golden State Warriors
65%
1988-89 First Mark Eaton Utah Jazz
65%
1987-88 Second Mark Eaton Utah Jazz
65%
1986-87 Second Mark Eaton Utah Jazz
65%
1985-86 First Mark Eaton Utah Jazz
65%
1984-85 First Mark Eaton Utah Jazz
65%
2013-14 First Andre Iguodala Golden State Warriors
63%
2010-11 Second Andre Iguodala Philadelphia 76ers
63%
2024-25 First Dyson Daniels Atlanta Hawks
63%
2024-25 Second Ivica Zubac LA Clippers
63%
2009-10 Second Josh Smith Atlanta Hawks
63%
1975-76 Second Phil Smith Golden State Warriors
63%
2007-08 Second Tayshaun Prince Detroit Pistons
63%
2006-07 Second Tayshaun Prince Detroit Pistons
63%
2005-06 Second Tayshaun Prince Detroit Pistons
63%
2004-05 Second Tayshaun Prince Detroit Pistons
63%
2011-12 Second Luol Deng Chicago Bulls
60%
1987-88 First Michael Cooper Los Angeles Lakers
60%
1986-87 First Michael Cooper Los Angeles Lakers
60%
1985-86 Second Michael Cooper Los Angeles Lakers
60%
1984-85 First Michael Cooper Los Angeles Lakers
60%
1983-84 First Michael Cooper Los Angeles Lakers
60%
1982-83 Second Michael Cooper Los Angeles Lakers
60%
1981-82 First Michael Cooper Los Angeles Lakers
60%
1980-81 Second Michael Cooper Los Angeles Lakers
60%
2015-16 Second Paul Millsap Atlanta Hawks
60%
1977-78 First Bill Walton Portland Trail Blazers
58%
1976-77 First Bill Walton Portland Trail Blazers
58%
1979-80 Second Dave Cowens Boston Celtics
58%
1975-76 First Dave Cowens Boston Celtics
58%
1974-75 Second Dave Cowens Boston Celtics
58%
2023-24 Second Jaden McDaniels Minnesota Timberwolves
58%
1997-98 Second Charles Oakley New York Knicks
55%
1993-94 First Charles Oakley New York Knicks
55%
2022-23 Second Dillon Brooks Memphis Grizzlies
55%
2012-13 Second Mike Conley Memphis Grizzlies
55%
1974-75 First Walt Frazier New York Knicks
55%
1973-74 First Walt Frazier New York Knicks
55%
1972-73 First Walt Frazier New York Knicks
55%
1971-72 First Walt Frazier New York Knicks
55%
1970-71 First Walt Frazier New York Knicks
55%
1969-70 First Walt Frazier New York Knicks
55%
1968-69 First Walt Frazier New York Knicks
55%
2023-24 Second Jalen Suggs Orlando Magic
53%
1973-74 Second Jim Price Los Angeles Lakers
53%
1969-70 First Willis Reed New York Knicks
53%
2015-16 First Avery Bradley Boston Celtics
50%
2012-13 Second Avery Bradley Boston Celtics
50%
1969-70 Second Bill Bridges Atlanta Hawks
50%
1968-69 Second Bill Bridges Atlanta Hawks
50%
2017-18 Second Dejounte Murray San Antonio Spurs
50%
1980-81 Second Dudley Bradley Indiana Pacers
50%
2021-22 First Mikal Bridges Phoenix Suns
50%
2013-14 Second Roy Hibbert Indiana Pacers
50%
2017-18 First Victor Oladipo Indiana Pacers
50%
1977-78 Second Artis Gilmore Chicago Bulls
48%
1974-75 Second Bob Love Chicago Bulls
48%
1973-74 Second Bob Love Chicago Bulls
48%
1971-72 Second Bob Love Chicago Bulls
48%
1989-90 Second Derek Harper Dallas Mavericks
48%
1986-87 Second Derek Harper Dallas Mavericks
48%
2003-04 Second Doug Christie Sacramento Kings
48%
2002-03 First Doug Christie Sacramento Kings
48%
2001-02 Second Doug Christie Sacramento Kings
48%
2000-01 Second Doug Christie Sacramento Kings
48%
2015-16 Second Hassan Whiteside Miami Heat
48%
1992-93 Second John Starks New York Knicks
48%
1973-74 Second Nate Thurmond Golden State Warriors
48%
1972-73 Second Nate Thurmond Golden State Warriors
48%
1971-72 Second Nate Thurmond Golden State Warriors
48%
1970-71 First Nate Thurmond San Francisco Warriors
48%
1968-69 First Nate Thurmond San Francisco Warriors
48%
1974-75 Second Elvin Hayes Washington Bullets
45%
1973-74 Second Elvin Hayes Capital Bullets
45%
2019-20 Second Eric Bledsoe Milwaukee Bucks
45%
2018-19 First Eric Bledsoe Milwaukee Bucks
45%
2019-20 Second Patrick Beverley LA Clippers
45%
2013-14 Second Patrick Beverley Houston Rockets
45%
2016-17 First Patrick Beverly Houston Rockets
45%
1986-87 Second Maurice Cheeks Philadelphia 76ers
43%
1985-86 First Maurice Cheeks Philadelphia 76ers
43%
1984-85 First Maurice Cheeks Philadelphia 76ers
43%
1983-84 First Maurice Cheeks Philadelphia 76ers
43%
1982-83 First Maurice Cheeks Philadelphia 76ers
43%
1980-81 First Michael Ray Richardson New York Knicks
43%
1979-80 First Michael Ray Richardson New York Knicks
43%
1998-99 Second Mookie Blaylock Atlanta Hawks
43%
1997-98 Second Mookie Blaylock Atlanta Hawks
43%
1996-97 Second Mookie Blaylock Atlanta Hawks
43%
1995-96 Second Mookie Blaylock Atlanta Hawks
43%
1994-95 First Mookie Blaylock Atlanta Hawks
43%
1993-94 First Mookie Blaylock Atlanta Hawks
43%
1978-79 Second Maurice Lucas Portland Trail Blazers
40%
1977-78 First Maurice Lucas Portland Trail Blazers
40%
2024-25 Second Toumani Camara Portland Trail Blazers
40%
1973-74 First Dave DeBusschere New York Knicks
38%
1972-73 First Dave DeBusschere New York Knicks
38%
1971-72 First Dave DeBusschere New York Knicks
38%
1970-71 First Dave DeBusschere New York Knicks
38%
1969-70 First Dave DeBusschere New York Knicks
38%
1968-69 First Dave DeBusschere New York Knicks
38%
1992-93 Second Larry Nance Cleveland Cavaliers
38%
1991-92 Second Larry Nance Cleveland Cavaliers
38%
1988-89 First Larry Nance Cleveland Cavaliers
38%
2007-08 Second Raja Bell Phoenix Suns
38%
2006-07 First Raja Bell Phoenix Suns
38%
2022-23 Second O.G. Anunoby Toronto Raptors
35%
2008-09 Second Shane Battier Houston Rockets
35%
2007-08 Second Shane Battier Houston Rockets
35%
2021-22 Second Matisse Thybulle Philadelphia 76ers
33%
2020-21 Second Matisse Thybulle Philadelphia 76ers
33%
1992-93 Second Dan Majerle Phoenix Suns
30%
1990-91 Second Dan Majerle Phoenix Suns
30%
1981-82 Second Jack Sikma Seattle SuperSonics
30%
1974-75 First Jerry Sloan Chicago Bulls
30%
1973-74 First Jerry Sloan Chicago Bulls
30%
1971-72 First Jerry Sloan Chicago Bulls
30%
1970-71 Second Jerry Sloan Chicago Bulls
30%
1969-70 Second Jerry Sloan Chicago Bulls
30%
1968-69 First Jerry Sloan Chicago Bulls
30%
1993-94 Second Latrell Sprewell Golden State Warriors
30%
1996-97 Second Anthony Mason Charlotte Hornets
28%
2002-03 Second Eric Snow Philadelphia 76ers
28%
1987-88 Second Fat Lever Denver Nuggets
28%
1985-86 Second Manute Bol Washington Bullets
28%
1977-78 Second Norm Van Lier Chicago Bulls
28%
1976-77 First Norm Van Lier Chicago Bulls
28%
1975-76 First Norm Van Lier Chicago Bulls
28%
1974-75 Second Norm Van Lier Chicago Bulls
28%
1973-74 First Norm Van Lier Chicago Bulls
28%
1972-73 Second Norm Van Lier Chicago Bulls
28%
1971-72 Second Norm Van Lier Chicago Bulls
28%
1970-71 Second Norm Van Lier Chicago Bulls
28%
2017-18 First Robert Covington Philadelphia 76ers
28%
2006-07 Second Kirk Hinrich Chicago Bulls
25%
2004-05 First Larry Hughes Washington Wizards
25%
1983-84 First Tree Rollins Atlanta Hawks
25%
1982-83 Second Tree Rollins Atlanta Hawks
25%
2009-10 Second Anderson Varejao Cleveland Cavaliers
23%
1994-95 Second Nate McMillan Seattle SuperSonics
23%
1993-94 Second Nate McMillan Seattle SuperSonics
23%
2009-10 Second Thabo Sefolosha Oklahoma City Thunder
23%
2003-04 Second Theo Ratliff Portland Trail Blazers
23%
1998-99 Second Theo Ratliff Philadelphia 76ers
23%
1978-79 First Bob Dandridge Washington Bullets
20%
1976-77 Second Jamaal Wilkes Golden State Warriors
20%
1975-76 Second Jamaal Wilkes Golden State Warriors
20%
1978-79 Second M.L. Carr Detroit Pistons
20%
1975-76 First Paul Silas Boston Celtics
20%
1974-75 First Paul Silas Boston Celtics
20%
1972-73 Second Paul Silas Phoenix Suns
20%
1971-72 Second Paul Silas Phoenix Suns
20%
1970-71 Second Paul Silas Phoenix Suns
20%
1983-84 Second Dan Roundfield Atlanta Hawks
18%
1982-83 First Dan Roundfield Atlanta Hawks
18%
1981-82 First Dan Roundfield Atlanta Hawks
18%
1980-81 Second Dan Roundfield Atlanta Hawks
18%
1979-80 First Dan Roundfield Atlanta Hawks
18%
1978-79 Second Lionel Hollins Portland Trail Blazers
18%
1977-78 First Lionel Hollins Portland Trail Blazers
18%
1968-69 Second Tom Sanders Boston Celtics
18%
1995-96 Second Derrick McKey Indiana Pacers
15%
1994-95 Second Derrick McKey Indiana Pacers
15%
1980-81 Second Kermit Washington Portland Trail Blazers
15%
1979-80 Second Kermit Washington Portland Trail Blazers
15%
1975-76 First Slick Watts Seattle SuperSonics
15%
1979-80 First Don Buse Phoenix Suns
13%
1978-79 First Don Buse Phoenix Suns
13%
1977-78 First Don Buse Phoenix Suns
13%
1976-77 First Don Buse Indiana Pacers
13%
1989-90 Second Rick Mahorn Philadelphia 76ers
13%
1995-96 Second Bobby Phills Cleveland Cavaliers
10%
1976-77 Second Don Chaney Los Angeles Lakers
10%
1974-75 Second Don Chaney Boston Celtics
10%
1973-74 Second Don Chaney Boston Celtics
10%
1972-73 Second Don Chaney Boston Celtics
10%
1971-72 Second Don Chaney Boston Celtics
10%
1977-78 Second E.C. Coleman Golden State Warriors
10%
1976-77 First E.C. Coleman New Orleans Jazz
10%
1969-70 Second Joe Caldwell Atlanta Hawks
10%
1977-78 Second Bob Gross Portland Trail Blazers
8%
1976-77 Second Brian Taylor Kansas City Kings
8%
1973-74 Second Dick Van Arsdale Phoenix Suns
8%
1979-80 Second Scott Wedman Kansas City Kings
8%
1984-85 Second T.R. Dunn Denver Nuggets
8%
1983-84 Second T.R. Dunn Denver Nuggets
8%
1982-83 Second T.R. Dunn Denver Nuggets
8%
1976-77 Second Jim Brewer Cleveland Cavaliers
5%
1975-76 Second Jim Brewer Cleveland Cavaliers
5%
1981-82 Second Lonnie Shelton Seattle SuperSonics
5%
1986-87 Second Paul Pressey Milwaukee Bucks
3%
1985-86 First Paul Pressey Milwaukee Bucks
3%
1984-85 First Paul Pressey Milwaukee Bucks
3%
1985-86 Second Bill Hanzlik Denver Nuggets
0%
1984-85 Second Danny Vranes Seattle SuperSonics
0%
1975-76 Second Jim Cleamons Cleveland Cavaliers
0%
1972-73 Second Mike Riordan Baltimore Bullets
0%
1981-82 Second Quinn Buckner Milwaukee Bucks
0%
1980-81 Second Quinn Buckner Milwaukee Bucks
0%
1979-80 Second Quinn Buckner Milwaukee Bucks
0%
1977-78 Second Quinn Buckner Milwaukee Bucks
0%
1987-88 First Rodney McCray Houston Rockets
0%
1986-87 Second Rodney McCray Houston Rockets
0%
1968-69 Second Rudy LaRusso San Francisco Warriors
0%
No matching quizzes found
Score Distribution
Percent of People with Each Score
Percentile by Number Answered
Your Score History
You have not taken this quiz